Goat Husbandry (Record no. 6225)
[ view plain ]
| 000 -LEADER | |
|---|---|
| fixed length control field | 00611nam a22002057a 4500 |
| 003 - CONTROL NUMBER IDENTIFIER | |
| control field | OSt |
| 005 - DATE AND TIME OF LATEST TRANSACTION | |
| control field | 20260630130134.0 |
| 008 - FIXED-LENGTH DATA ELEMENTS--GENERAL INFORMATION | |
| fixed length control field | 260630b |||||||| |||| 00| 0 eng d |
| 020 ## - INTERNATIONAL STANDARD BOOK NUMBER | |
| International Standard Book Number | 0571113222 |
| 040 ## - CATALOGING SOURCE | |
| Original cataloging agency | KABLIB |
| Language of cataloging | eng |
| Transcribing agency | KABLIB |
| 082 ## - DEWEY DECIMAL CLASSIFICATION NUMBER | |
| Edition number | 23 |
| Classification number | 636.39 |
| Item number | MAC |
| 100 ## - MAIN ENTRY--PERSONAL NAME | |
| Personal name | Makenzie David |
| Relator term | author |
| 9 (RLIN) | 15837 |
| 245 ## - TITLE STATEMENT | |
| Title | Goat Husbandry |
| Statement of responsibility, etc. | David Mackenzie revised and edited by Jean Laing |
| 260 ## - PUBLICATION, DISTRIBUTION, ETC. | |
| Place of publication, distribution, etc. | London : |
| Name of publisher, distributor, etc. | Faber and Faber. |
| Date of publication, distribution, etc. | 1980. |
| 300 ## - PHYSICAL DESCRIPTION | |
| Extent | 375p .: |
| Other physical details | ill.; |
| Dimensions | 18 cm. |
| 650 ## - SUBJECT ADDED ENTRY--TOPICAL TERM | |
| Topical term or geographic name entry element | feeding practice |
| 9 (RLIN) | 15838 |
| 650 ## - SUBJECT ADDED ENTRY--TOPICAL TERM | |
| Topical term or geographic name entry element | cropping of goats |
| 9 (RLIN) | 15839 |
| 700 ## - ADDED ENTRY--PERSONAL NAME | |
| Personal name | Laing Jean |
| Relator term | editor |
| 9 (RLIN) | 15840 |
| 942 ## - ADDED ENTRY ELEMENTS (KOHA) | |
| Source of classification or shelving scheme | Dewey Decimal Classification |
| Koha item type | Book |
| Withdrawn status | Lost status | Source of classification or shelving scheme | Damaged status | Not for loan | Home library | Current library | Shelving location | Date acquired | Total Checkouts | Full call number | Barcode | Date last seen | Price effective from | Koha item type |
|---|---|---|---|---|---|---|---|---|---|---|---|---|---|---|
| Dewey Decimal Classification | Rukungiri Campus | Rukungiri Campus | Open Access Section | 30.06.2026 | 636.39 MAC | 2622RC | 30.06.2026 | 30.06.2026 | Book | |||||
| Dewey Decimal Classification | Rukungiri Campus | Rukungiri Campus | Open Access Section | 30.06.2026 | 636.39 MAC | 2633RC | 30.06.2026 | 30.06.2026 | Book | |||||
| Dewey Decimal Classification | Rukungiri Campus | Rukungiri Campus | Open Access Section | 30.06.2026 | 636.39 MAC | 2632RC | 30.06.2026 | 30.06.2026 | Book | |||||
| Dewey Decimal Classification | Rukungiri Campus | Rukungiri Campus | Open Access Section | 30.06.2026 | 636.39 MAC | 2631RC | 30.06.2026 | 30.06.2026 | Book | |||||
| Dewey Decimal Classification | Rukungiri Campus | Rukungiri Campus | Open Access Section | 30.06.2026 | 636.39 MAC | 2630RC | 30.06.2026 | 30.06.2026 | Book | |||||
| Dewey Decimal Classification | Rukungiri Campus | Rukungiri Campus | Open Access Section | 30.06.2026 | 636.39 MAC | 2629RC | 30.06.2026 | 30.06.2026 | Book | |||||
| Dewey Decimal Classification | Rukungiri Campus | Rukungiri Campus | Open Access Section | 30.06.2026 | 636.39 MAC | 2628RC | 30.06.2026 | 30.06.2026 | Book | |||||
| Dewey Decimal Classification | Rukungiri Campus | Rukungiri Campus | Open Access Section | 30.06.2026 | 636.39 MAC | 2627RC | 30.06.2026 | 30.06.2026 | Book | |||||
| Dewey Decimal Classification | Rukungiri Campus | Rukungiri Campus | Open Access Section | 30.06.2026 | 636.39 MAC | 2626RC | 30.06.2026 | 30.06.2026 | Book | |||||
| Dewey Decimal Classification | Rukungiri Campus | Rukungiri Campus | Open Access Section | 30.06.2026 | 636.39 MAC | 2625RC | 30.06.2026 | 30.06.2026 | Book | |||||
| Dewey Decimal Classification | Rukungiri Campus | Rukungiri Campus | Open Access Section | 30.06.2026 | 636.39 MAC | 2624RC | 30.06.2026 | 30.06.2026 | Book | |||||
| Dewey Decimal Classification | Rukungiri Campus | Rukungiri Campus | Open Access Section | 30.06.2026 | 636.39 MAC | 2623RC | 30.06.2026 | 30.06.2026 | Book |